000 00629nam a2200181 i 4500
001 bg
100 1 _aKARMOWSKI, Wojciech
245 0 _aPodstawy mechaniki pękania /
_cWojciech Karmowski, Stanisław Mazurkiewicz ; Politechnika Krakowska im. Tadeusz Kościuszki.
260 _aKraków :
_bPK,
_c1978.
521 _aSkrypt dla studentów wyższych szkół technicznych do przedmiotu: Wytrzymałość materiałów.
650 9 _aPękanie
_xmechanika
655 _aPodręczniki akademickie
700 1 _aMAZURKIEWICZ, Stanisław
040 _cBPK
041 _apol
942 _cKS
008 s pl f |000 0 pol
999 _c18512
_d18512
856 _uhttp://koha.tu.koszalin.pl/cgi-bin/koha/opac-detail.pl?biblionumber=18512
_yKatalog online BPK